000 00239nam a22001097a 4500
082 _a808.3 MAC'N
100 _aMACLEAN, ALISTAIR
_975866
245 _aNIGHT WITH OUT END
260 _aLONDON
_bFONTANA
_c1971
300 _a221P
942 _cBK
999 _c584500
_d584500